000 00697nam a22002297a 4500
005 20260420100447.0
008 260420b |||||||| |||| 00| 0 eng d
020 _a9788119679232
_c300
040 _aMAIN
041 _aasm
082 _a320.954
_bGOH
100 _aGohain, N.
_qNabin
245 _aভাৰতীয় ৰাজনীতিৰ প​ৰিচ​য়​ / Bharatiya Rajnitir Parichay
_bIntroduction to Indian Politics
250 _a3rd Revised Ed.
260 _aJorhat
_bBidya Bhawan
_c2025
300 _a332 p. ;
_c14 x 22 cm
505 _aNEP 2nd Sem Minor
650 _aPolitical Science
700 _bBora, Pankaj
700 _bSaikia, Pranjit
942 _2ddc
_cBK
999 _c16382
_d16382